Para grandes y chicos (Record no. 163501)

MARC details
000 -LEADER
campo de control de longitud fija 01006nam a22002295i 4500
001 - NÚMERO DE CONTROL
campo de control 163501
003 - IDENTIFICADOR DE NÚMERO DE CONTROL
campo de control ES-MaACL
005 - FECHA Y HORA DE LA ÚLTIMA TRANSACCIÓN
campo de control 20230906212742.0
008 - DATOS DE LONGITUD FIJA--INFORMACIÓN GENERAL
campo de control de longitud fija 030228s1899 sp |||| | spa d
100 1# - ENTRADA PRINCIPAL--NOMBRE DE PERSONA
Nombre de persona Richet, Charles (
Fechas asociadas al nombre 1850-1935)
9 (RLIN) 96954
245 10 - MENCIÓN DEL TÍTULO
Título Para grandes y chicos
Resto del título : fábulas /
Mención de responsabilidad, etc. Carlos Richet ; puestas en variedad de metros castellanos por Luis Marco ; con un prólogo por el doctor Tolosa Latour ; láminas en colores, dibujadas por H. Allouard.
260 ## - PUBLICACIÓN, DISTRIBUCIÓN, ETC.
Lugar de publicación, distribución, etc. Madrid :
Nombre del editor, distribuidor, etc. Librería Editorial de Bailly-Baillière e Hijos,
Fecha de publicación, distribución, etc. 1899.
300 ## - DESCRIPCIÓN FÍSICA
Extensión XX, 110 p., [22] h. de lám. :
Otras características físicas il. ;
Dimensiones 21 cm.
530 ## - NOTA DISPONIBLE DE FORMULARIO FÍSICO ADICIONAL
Nota de formato físico adicional disponible Disponible en formato digital.
650 #4 - PUNTO DE ACCESO ADICIONAL DE MATERIA--TÉRMINO DE MATERIA
Término de materia o nombre geográfico como elemento de entrada Fábulas.
9 (RLIN) 136149
700 1# - ENTRADA AGREGADA--NOMBRE PERSONAL
Nombre de persona Marco, Luis.
9 (RLIN) 76468
700 1# - ENTRADA AGREGADA--NOMBRE PERSONAL
Nombre de persona Allouard, H.
9 (RLIN) 125618
700 1# - ENTRADA AGREGADA--NOMBRE PERSONAL
Nombre de persona Tolosa Latour, Manuel,
Fechas asociadas al nombre 1857-1919
9 (RLIN) 110485
852 ## - LOCALIZACIÓN
Ubicación ES-MaACL
Número de control de estantería G-14377
Nota libre - Enc. cart.
856 ## - LOCALIZACIÓN Y ACCESO ELECTRÓNICOS
Identificador Uniforme de Recursos <a href="http://bdh-rd.bne.es/viewer.vm?id=0000130744&page=1 ">http://bdh-rd.bne.es/viewer.vm?id=0000130744&page=1 </a>
Nota pública Biblioteca Digital Hispánica
Holdings
Estatus retirado Estado de pérdida Estado de daño No para préstamo Colección Biblioteca de origen Biblioteca actual Ubicación en estantería Fecha de adquisición Fuente de adquisición Total de préstamos Signatura topográfica completa Código de barras Visto por última vez Precio de reemplazo Tipo de ítem Koha
        Colección digital Biblioteca del Ateneo de Madrid Biblioteca del Ateneo de Madrid Sala Pecera Planta 3 17/01/2008     G-14377 1171332 23/02/2023 23/02/2023 Libro impreso antiguo